000 00414nam a2200169Ia 4500
003 GCL
008 140319s9999 xx 000 0 eng d
040 _aGCL /
_cGCL
082 0 4 _a746.434
_bV P
100 1 _aVANESSA- ANNS
245 1 0 _aPlain and Fancy Crochet /
_cVANESSA- ANNS
260 _a[S.N] :
_bOXMOOR HOUSE ،
_c1991
300 _a144 P
650 0 4 _aPLAINS
650 0 4 _aCROCHETING
942 _2ddc
_cBK
999 _c16742
_d16742